000 00627nam a2200241Ia 4500
003 OSt
005 20220918200627.0
006 a|||||r|||| 00| 0
007 ta
008 220917b |||||||| |||| 00| 0 eng d
024 _a89,604
037 _cTextual
040 _aARTS
_cARTS
_beng
041 _2eng
_aeng
082 _aU5:5, N3
100 _aGetty J Arch
_994915
245 0 _aStalinist terror
_b new perspectives
260 _c1983
650 _aGEOPOLITICS
_940978
700 _a Manning Roberta T
_994916
942 _hU5:5, N3
_cTEXL
_2CC
999 _c213274
_d213274